| 000 | 01024naa a22003137a 4500 | ||
|---|---|---|---|
| 001 | BR8106334 | ||
| 003 | BR-BrBNA | ||
| 005 | 20240918174951.0 | ||
| 007 | ta | ||
| 008 | 230509b bl.||||| |||| 00| 0 por d | ||
| 040 |
_aBR-BrBNA _bpor _cBiblioteca Nacional de Agricultura |
||
| 041 | _a(Pt) | ||
| 072 |
_aM40 _b8105 _b8954 _bG514 |
||
| 090 | _aM40 BR8106334 | ||
| 100 | 1 | _aPaiva, C.M. | |
| 100 | 1 | _aFreitas, J.V.F. | |
| 100 | 1 | _aTavares, J.R.P. | |
| 100 | 1 | _aMagnusson, H. | |
| 245 | 1 | _aRacoes para piscicultura intensiva no nordeste do Brasil | |
| 260 | 3 |
_aFortaleza, CE (Brasil): _c1981. |
|
| 500 | _a2. Coletanea de trabalhos tecnicos. Pesca e piscicultura Fortaleza, CE (Brasil): 1981. p. 347-383 (BR8106334-AM)M40 | ||
| 650 | _aRACAO | ||
| 650 | _aPEIXE | ||
| 650 | _aACUDE | ||
| 650 | _aREGIAO NORDESTE | ||
| 773 | 0 |
_t2. Coletanea de trabalhos tecnicos. Pesca e piscicultura _wM40 BR8106334 _gFortaleza, CE (Brasil), 1981. p. 347-383 |
|
| 909 |
_a202404 _bLucia _c55 _dLucia Elande |
||
| 942 |
_cAM _2AGRIS |
||
| 999 |
_c314402 _d314402 |
||